000 00520nam a2200181Ia 4500
005 20250508152223.0
008 008 250505s9999 xx 000 0 eng d
037 _aBooks to be hide in OPAC
040 _aFEDL
_beng
_cFEDL
041 _aeng
_2eng
084 _a551.49, CUL
_qFEDL
100 _aCulpin Howard
_9761049
245 0 _aTrue book about underwater exploration
260 _aLondon, UK
_bFrederick Muller Ltd
_c1956
300 _a142p
942 _cHB
_h551.49, CUL
999 _c1335039
_d1335039